The Building Regulations 2000 (Record no. 106254)
[ view plain ]
| 000 -LEADER | |
|---|---|
| fixed length control field | 02095cam a2200277 4500 |
| 001 - CONTROL NUMBER | |
| control field | ##L135938 |
| 008 - FIXED-LENGTH DATA ELEMENTS--GENERAL INFORMATION | |
| fixed length control field | 061219n2006 000 0 eng u |
| 020 ## - INTERNATIONAL STANDARD BOOK NUMBER | |
| International Standard Book Number | 1859462618 |
| -- | 9781859462614 |
| 035 ## - SYSTEM CONTROL NUMBER | |
| System control number | (Sirsi) u135938 |
| 041 0# - LANGUAGE CODE | |
| Language code of text/sound track or separate title | eng |
| 050 04 - LIBRARY OF CONGRESS CALL NUMBER | |
| Classification number | 692.2 $2 18 |
| 110 1# - MAIN ENTRY--CORPORATE NAME | |
| Corporate name or jurisdiction name as entry element | United Kingdom |
| Subordinate unit | Department for Communities and Local Government |
| 9 (RLIN) | 4939 |
| 245 04 - TITLE STATEMENT | |
| Title | The Building Regulations 2000 |
| Remainder of title | Fire Safety |
| -- | Approved Document B |
| -- | Volume One - dwellinghouses |
| 260 ## - PUBLICATION, DISTRIBUTION, ETC. | |
| Place of publication, distribution, etc. | [S.l.] |
| Name of publisher, distributor, etc. | NBS |
| Date of publication, distribution, etc. | 2006 |
| 505 1# - FORMATTED CONTENTS NOTE | |
| Formatted contents note | B1: means of warning and escape -- B2: internal fire spread (linings) -- B3: internal fire spread (structure) -- B4: external fire spread -- B5: access and facilities for the fire service -- Appendix A: performance of materials and structures -- Appendix B: fire doors -- Appendix C: methods of measurement -- Appendix D: purpose groups -- Appendix E: definitions -- Appendix F: standards and other publications referred to. |
| 520 ## - SUMMARY, ETC. | |
| Summary, etc. | Approved Document B has been split into two volumes, with volume one tailored to dwelling houses. The changes, which come into force on 6 April 2007, will affect future building work in England and Wales, such as the erection, extension or material alteration of a building, and how fire safety is designed into a building. Key changes include the use of residential sprinkler systems in accordance with BS 9251: 2005, amendments to the guidance on smoke alarms in accordance with BS 5839-6: 2004, simplified guidance on means of escape, changes to the use of self-closing devices, and the incorporation of BS EN 13501-5: 2005 into the guidance on roof coverings. |
| 590 ## - LOCAL NOTE (RLIN) | |
| Local note | KA NTK |
| 650 24 - SUBJECT ADDED ENTRY--TOPICAL TERM | |
| Topical term or geographic name entry element | BUILDING REGULATIONS 2000 APPROVED DOCUMENT B VOLUME ONE (2006 EDITION) |
| 650 24 - SUBJECT ADDED ENTRY--TOPICAL TERM | |
| Topical term or geographic name entry element | BS 9251: 2005 |
| 650 24 - SUBJECT ADDED ENTRY--TOPICAL TERM | |
| Topical term or geographic name entry element | BS 5839-6: 2004 |
| 650 24 - SUBJECT ADDED ENTRY--TOPICAL TERM | |
| Topical term or geographic name entry element | BS EN 13501-5: 2005 |
| 651 #4 - SUBJECT ADDED ENTRY--GEOGRAPHIC NAME | |
| Geographic name | England and Wales |
| Chronological subdivision | 1543- |
| 690 ## - LOCAL SUBJECT ADDED ENTRY--TOPICAL TERM (OCLC, RLIN) | |
| Topical term or geographic name as entry element | Building regulations |
| 9 (RLIN) | 6224 |
| 856 40 - ELECTRONIC LOCATION AND ACCESS | |
| Uniform Resource Identifier | <a href="https://www.planningportal.gov.uk/england/professionals/en/1115314683674.html">https://www.planningportal.gov.uk/england/professionals/en/1115314683674.html</a> |
| Public note | View Approved Document B (Volume One) free of charge at www.planningportal.gov.uk... |
| 942 ## - ADDED ENTRY ELEMENTS (KOHA) | |
| Suppress in OPAC | 0 |
| Withdrawn status | Lost status | Source of classification or shelving scheme | Damaged status | Not for loan | Home library | Current library | Shelving location | Date acquired | Total Checkouts | Full call number | Barcode | Date last seen | Copy number | Price effective from | Koha item type |
|---|---|---|---|---|---|---|---|---|---|---|---|---|---|---|---|
| Dewey Decimal Classification | Virtual | Virtual | Online | 19/12/2006 | ONLINE PUBLICATION | 135938-2001 | 06/08/2019 | 1 | 06/08/2019 | Book |